| 000 | 00383nam a2200169Ia 4500 | ||
|---|---|---|---|
| 008 | 210210b1936 xxu||||| |||| 00| 0 eng d | ||
| 041 | _aeng | ||
| 082 | _a534/12 | ||
| 100 | _aBRAGG (William) | ||
| 245 | _aUniverse of light | ||
| 260 |
_aLondon _bG. Bell and Sons Ltd., _c1936 |
||
| 300 | _a283 | ||
| 650 | _aUniverse | ||
| 650 | _alight | ||
| 690 | _aSound | ||
| 906 | _a008500 | ||
| 999 |
_c126424 _d126424 |
||